000 01297 a2200373 04500
001 725918
003 PE-LiUPU
005 20250731173557.0
008 050630s2008 wau eng d
020 _a9780812704488
040 _aPE-LiUPU
_bspa
_cPE-LiUPU
_erda
082 0 4 _a231.7652
_bR845s
_223
100 1 _aRoth, Ariel A.
_eautor
245 1 0 _aScience discovers God :
_bseven convincing lines of evidence for his existence /
_cAriel A. Roth
264 _aHagerstown, Maryland :
_bAutumn House,
_c2008
300 _a251 páginas :
_bilustrado ;
_c24 centímetros.
500 _aIncluye índice
505 _aCan a scientist dare to believe in God? -- The very fine-tuned universe -- How did life get started? -- The perplexity of complexity -- So little time for everything -- Fashions in science -- Is science exclusive? -- Putting it together.
526 _aSEG42
526 _aSEG41
526 _aSEG40
526 _aSEG39
526 _aP94
526 _aP87
526 _aP86
526 _aP85
526 _aP77
526 _aP76
526 _aP35
650 1 4 _a Religión y ciencia
650 1 4 _a Creacionismo
942 _cBK
_2ddc
_n0
999 _c61718
_d61718
980 _618226
_aJaime Vilcazán Jefe de Análisis Documental
_81
_gALBERTO SANCHEZ Responsable de Automatización